| 000 | 01505njm a2200313 i 4500 | ||
|---|---|---|---|
| 001 | 4718 | ||
| 003 | ES-MaACL | ||
| 005 | 20250824203440.0 | ||
| 007 | s|r||||||||||| | ||
| 008 | 070809s1969 sp ||| g ||||||||1|nspa d | ||
| 245 | 0 | 0 |
_aJuicio crítico del libro "Cuenca en volandas" de Federico Muelas _h[Grabación sonora] / _cintervienen Federico Muelas, Luis Ponce de León, Manuel Alcántara, José María Alonso Gamo, Enrique Azcoaga, Eusebio García Luengo. |
| 260 |
_aMadrid : _bAteneo de Madrid, _c1969. |
||
| 300 |
_a1 disco (CD-DA) (1 h. 8 min. 46 seg.) ; _c12 cm. |
||
| 490 | 1 | _aColoquios críticos en presencia del autor "Un libro sobre la mesa" | |
| 500 | _aDatos basados en la invitación. | ||
| 518 | _aActo organizado por el Aula de Literatura del Ateneo de Madrid, grabado en el salón de actos el viernes 7 de marzo de 1969, a las 19:15 h. | ||
| 610 | 2 | 4 |
_aAteneo de Madrid- _xActos culturales- _y1969- _vGrabaciones sonoras. _91883 |
| 700 | 1 |
_aMuelas, Federico, _d1909-1974 _984034 |
|
| 700 | 1 |
_aPonce de León, Luis. _992951 |
|
| 700 | 1 |
_aAlcántara, Manuel. _919497 |
|
| 700 | 0 |
_aAlonso Gamo, José María, _d1913-1993 _920317 |
|
| 700 | 1 |
_aAzcoaga, Enrique, _d1912-1985 _924261 |
|
| 700 | 1 |
_aGarcía Luengo, Eusebio. _954865 |
|
| 710 | 2 |
_aAteneo de Madrid. _bAula de Literatura. _91943 |
|
| 830 | 0 | 0 |
_aColoquios críticos en presencia del autor "Un libro sobre la mesa" _9177075 |
| 852 |
_aES-MaACL _jROT 3/4/5 _94835 _cROT |
||
| 942 | _2udc | ||
| 999 |
_c4718 _d4718 |
||